[Event "Pinerolo op"]
[Site "Pinerolo"]
[Date "2009.11.15"]
[Round "4"]
[White "Moschetto, Giuliano"]
[Black "Longo, Luigi"]
[Result "1/2-1/2"]
[WhiteElo "1695"]
[BlackElo "1962"]
[PlyCount "120"]
[EventDate "2009.11.13"]
[EventType "swiss"]
[EventRounds "5"]
[EventCountry "ITA"]
[SourceTitle "EXT 2012"]
[Source "ChessBase"]
[SourceDate "2011.11.24"]
[SourceVersion "1"]
[SourceVersionDate "2011.11.24"]
[SourceQuality "1"]

1. c4 e6 2. b3 Nf6 3. Bb2 d5 4. cxd5 exd5 5. Nf3 Bd6 6. g3 Bg4 7. Bg2 Nbd7 8. 0-0 0-0 9. d3 Re8 10. Re1 c6 11. a3 Ne5 12. Nbd2 Qd7 13. Nxe5 Bxe5 14. Bxe5 Rxe5 15. f3 Bh3 16. f4 Rh5 17. Bf3 Bg4 18. e4 dxe4 19. Nxe4 Qd4+ 20. Nf2 Rxh2 21. Ra2 Bxf3 22. Qxf3 Rh5 23. Rae2 Rd5 24. Kg2 Rdd8 25. Re7 Re8 26. Ng4 Kf8 27. Qe2 Qd8 28. Rxe8+ Nxe8 29. Qe4 Qd5 30. Qxd5 cxd5 31. Rc1 Ke7 32. Ne3 Ke6 33. Kf3 g6 34. g4 h5 35. f5+ Ke5 36. d4+ Kd6 37. fxg6 fxg6 38. gxh5 gxh5 39. Rg1 Nf6 40. Nf5+ Ke6 41. Kf4 Rc8 42. Re1+ Kd7 43. Re7+ Kd8 44. Rxb7 Rc3 45. Kg5 Ne4+ 46. Kxh5 Kc8 47. Rxa7 Rxb3 48. Ne7+ Kb8 49. Ra4 Nc3 50. Rb4+ Rxb4 51. axb4 Kc7 52. Kg5 Kb6 53. Kf5 Kb5 54. Ke5 Kc4 55. Nc6 Kb5 56. Kd6 Kc4 57. Ke5 Kb5 58. Ne7 Kc4 59. b5 Nxb5 60. Nxd5 Nxd4 1/2-1/2

[Event "Imperia Corallo op-A 1st"]
[Site "Imperia"]
[Date "2006.11.25"]
[Round "2.6"]
[White "Cullen, Anthony P"]
[Black "Moschetto, Giuliano"]
[Result "1-0"]
[WhiteElo "2176"]
[BlackElo "1676"]
[PlyCount "57"]
[EventDate "2006.11.24"]
[EventType "swiss"]
[EventRounds "5"]
[EventCountry "ITA"]
[SourceTitle "EXT 2024"]
[Source "ChessBase"]
[SourceDate "2023.10.10"]
[SourceVersion "1"]
[SourceVersionDate "2023.10.10"]
[SourceQuality "1"]

1. d4 Nf6 2. c4 e6 3. g3 d5 4. Bg2 Be7 5. Nf3 0-0 6. 0-0 Nc6 7. cxd5 exd5 8. Nc3 Ne4 9. Qb3 Nxc3 10. Qxc3 Re8 11. a3 a6 12. Bf4 Bd6 13. Bxd6 Qxd6 14. Rfe1 Ne7 15. Rad1 c6 16. Ne5 f6 17. Nd3 Ng6 18. Qb3 Kf8 19. Qb6 Qd8 20. Qb4+ Qe7 21. Nc5 b5 22. e4 a5 23. Qc3 Qd6 24. exd5 Rxe1+ 25. Rxe1 cxd5 26. Qb3 b4 27. axb4 axb4 28. Qxb4 Qb8 29. Nd7+ 1-0

[Event "Imperia Corallo op-A 1st"]
[Site "Imperia"]
[Date "2006.11.25"]
[Round "3"]
[White "Moschetto, Giuliano"]
[Black "Badano, Fabio"]
[Result "0-1"]
[WhiteElo "1676"]
[BlackElo "1813"]
[PlyCount "122"]
[EventDate "2006.11.24"]
[EventType "swiss"]
[EventRounds "5"]
[EventCountry "ITA"]
[SourceTitle "EXT 2024"]
[Source "ChessBase"]
[SourceDate "2023.10.10"]
[SourceVersion "1"]
[SourceVersionDate "2023.10.10"]
[SourceQuality "1"]

1. c4 c5 2. g3 Nf6 3. Nf3 b6 4. Bg2 Bb7 5. Nc3 e6 6. d3 Be7 7. 0-0 0-0 8. Rb1 d6 9. a3 Nbd7 10. b4 a6 11. bxc5 Nxc5 12. Be3 Rb8 13. Na4 Nxa4 14. Qxa4 Nd7 15. Rb2 Nc5 16. Qc2 h6 17. Nd4 Bxg2 18. Kxg2 Qc7 19. Rfb1 Bf6 20. Rb4 Rfc8 21. Nb3 Nd7 22. Nd2 Qb7+ 23. Kg1 Qc7 24. Qa4 Nc5 25. Bxc5 dxc5 26. R4b3 Qa7 27. Ne4 Be7 28. R3b2 Rb7 29. Qc2 Qb8 30. a4 Qc7 31. Nc3 Bf6 32. Rb3 Rcb8 33. Ne4 Be7 34. Qa2 Qc6 35. Ra1 Kh8 36. Rab1 Kg8 37. Nc3 f5 38. Nd1 Bf6 39. Ne3 g5 40. h3 Bd4 41. Nc2 Bf6 42. Ne3 h5 43. Ng2 Rg7 44. Re1 f4 45. e4 fxg3 46. e5 gxf2+ 47. Qxf2 Be7 48. Ra3 Rf8 49. Qe3 g4 50. Ra2 Qf3 51. Qe4 Qxe4 52. Rxe4 gxh3 53. d4 cxd4 54. a5 bxa5 55. Rb2 Rxg2+ 56. Rxg2+ hxg2 57. Kxg2 Rf5 58. Rxd4 Rxe5 59. Rd7 Kf7 60. Ra7 a4 61. Rxa6 a3 0-1

[Event "Turin Piemonte op 6th"]
[Site "Turin"]
[Date "2005.11.19"]
[Round "2"]
[White "Moschetto, Giuliano"]
[Black "Diana, Riccardo"]
[Result "0-1"]
[WhiteElo "1694"]
[BlackElo "2096"]
[PlyCount "48"]
[EventDate "2005.11.18"]
[EventType "swiss"]
[EventRounds "9"]
[EventCountry "ITA"]
[SourceTitle "EXT 2007"]
[Source "ChessBase"]
[SourceDate "2006.11.23"]
[SourceVersion "1"]
[SourceVersionDate "2006.11.23"]
[SourceQuality "1"]

1. e4 e5 2. Bc4 Nf6 3. d3 Nc6 4. a3 d5 5. exd5 Nxd5 6. Nf3 Be7 7. 0-0 0-0 8. b4 a6 9. Bb2 Bf6 10. Nbd2 g6 11. Re1 Re8 12. h3 Bg7 13. Nf1 h6 14. Qd2 g5 15. Bxd5 Qxd5 16. Ne3 Qd8 17. Re2 e4 18. Bxg7 exf3 19. Qc3 fxe2 20. Bh8 f6 21. Bxf6 Qd7 22. Ng4 Qh7 23. Bxg5 Bxg4 24. Bd2 Be6 0-1